LIBRARY & INFORMATION CENTRE, KCAET, TAVANUR

ONLINE PUBLIC ACCESS CATALOGUE (OPAC)

Technology of Muscle Foods (Record no. 14613)

MARC details
000 -LEADER
fixed length control field 00333nam a22001337a 4500
020 ## - INTERNATIONAL STANDARD BOOK NUMBER
ISBN 9789380012544
082 ## - DEWEY DECIMAL CLASSIFICATION NUMBER
Classification number 664.9
Item number MAH/TE
100 ## - MAIN ENTRY--AUTHOR NAME
Personal name Mahendrakar N.S
100 ## - MAIN ENTRY--AUTHOR NAME
Personal name Sachindra N.M
245 ## - TITLE STATEMENT
Title Technology of Muscle Foods
260 ## - PUBLICATION, DISTRIBUTION, ETC. (IMPRINT)
Place of publication New Delhi
Name of publisher Studium Press(India) Pvt Ltd
Year of publication 2011
300 ## - PHYSICAL DESCRIPTION
Number of Pages 355
942 ## - ADDED ENTRY ELEMENTS (KOHA)
Koha item type Books
Holdings
Withdrawn status Lost status Damaged status Collection code Home library Current library Shelving location Date acquired Source of acquisition Cost, normal purchase price Full call number Accession Number Koha item type
        KAUAET KAUAET General Stacks 20/07/2016 Arunima Book Distributors,TVPM 2995.00 664.9 MAH/TE 24578 Books
free website counter